000 01018cam a2200217 4500
008 050127n2003 000 0 eng u
020 _a0110472640
035 _a(Sirsi) u128652
041 _aeng
245 _aRight to Manage (Prescribed Particulars and Forms) (England) Regulations 2003
260 _aLondon
_bHMSO
_c2003
490 _aSI
_v2003: 1988
520 _aOutline procedures and prescribed forms which should be used prior to the setting up of an RTM company. Supplements Commonhold and Leasehold Reform Act 2002 Part II Chapter 1. See Explanatory Note for further details. View at www.legislation.hmso.uk.
590 _aCLR
650 _aRIGHT TO MANAGE (PRESCRIBED PARTICULARS AND FORMS) (ENGLAND) REGULATIONS 2003
650 _aCOMMONHOLD AND LEASEHOLD REFORM ACT 2002 PART II
650 _aRIGHT TO MANAGE
690 _aLANDLORD AND TENANT-LEASEHOLD REFORM
856 _uhttps://www.legislation.hmso.gov.uk/si/si2003/20031988.htm
_zView the Regulations on the HMSO website...
942 _n0
999 _c103972
_d103972